UBT Library

Corporate finance / (Record no. 41907)

000 -LEADER
fixed length control field 00761cam a2200253 a 4500
001 - CONTROL NUMBER
control field 16022037
005 - DATE AND TIME OF LATEST TRANSACTION
control field 20180206045400.0
008 - FIXED-LENGTH DATA ELEMENTS--GENERAL INFORMATION
fixed length control field 091214s2011 maua b 001 0 eng
010 ## - LIBRARY OF CONGRESS CONTROL NUMBER
LC control number 2009050877
020 ## - INTERNATIONAL STANDARD BOOK NUMBER
International Standard Book Number 9780136089438
020 ## - INTERNATIONAL STANDARD BOOK NUMBER
International Standard Book Number 0136089437
035 ## - SYSTEM CONTROL NUMBER
System control number (OCoLC)ocn457155964
040 ## - CATALOGING SOURCE
Original cataloging agency DLC
Transcribing agency DLC
Modifying agency YDX
-- YDXCP
-- DLC
041 ## - LANGUAGE CODE
Language code of text/sound track or separate title eng
080 ## - UNIVERSAL DECIMAL CLASSIFICATION NUMBER
Universal Decimal Classification number 658.15 BER
082 00 - DEWEY DECIMAL CLASSIFICATION NUMBER
Classification number 658.15 BER
Edition number 22
100 1# - Rafti
Rafti 56
101 ## - Shkurtesa
Shkurtesa FIN
245 10 - TITLE STATEMENT
Title Corporate finance /
Statement of responsibility, etc Jonathan Berk, Peter DeMarzo.
504 ## - BIBLIOGRAPHY, ETC. NOTE
Bibliography, etc Includes bibliographical references and index.
906 ## - LOCAL DATA ELEMENT F, LDF (RLIN)
a 7
b cbc
c orignew
d 1
e ecip
f 20
g y-gencatlg
942 ## - ADDED ENTRY ELEMENTS (KOHA)
Source of classification or shelving scheme
Item type Books
Holdings
Withdrawn status Lost status Source of classification or shelving scheme Damaged status Not for loan Collection code Permanent location Current location Shelving location Date acquired Total Checkouts Full call number Barcode Date last seen Price effective from Koha item type
          Koleksioni i përgjithshem UBT - Lipjan UBT - Lipjan Koleksioni i përgjithshem 02/06/2018   658.15 BER 002-2999342 02/06/2018 02/06/2018 Books
UBT Library © 2015-2024. All rights reserved University Education for Business and Technology